Balkrishna Doshi : architecture for the people (Record no. 8157)

000 -LEADER
fixed length control field 00335nam a22001337a 4500
003 - CONTROL NUMBER IDENTIFIER
control field OSt
005 - DATE AND TIME OF LATEST TRANSACTION
control field 20200806115204.0
008 - FIXED-LENGTH DATA ELEMENTS--GENERAL INFORMATION
fixed length control field 200806b ||||| |||| 00| 0 eng d
082 ## - DEWEY DECIMAL CLASSIFICATION NUMBER
Classification number 720.92
Item number KRI
100 ## - MAIN ENTRY--PERSONAL NAME
Personal name Kries, Mateo,
Dates associated with a name 1974
245 ## - TITLE STATEMENT
Title Balkrishna Doshi : architecture for the people
260 ## - PUBLICATION, DISTRIBUTION, ETC. (IMPRINT)
Name of publisher, distributor, etc Vitra design musium
942 ## - ADDED ENTRY ELEMENTS (KOHA)
Source of classification or shelving scheme
Holdings
Withdrawn status Lost status Source of classification or shelving scheme Damaged status Koha normalized classification for sorting Not for loan Permanent location Current location Date acquired Total Checkouts Full call number Barcode Date last seen Date last borrowed Price effective from Koha item type
        720_920000000000000_KRI   BMS College of Architecture, Design and Planning BMS College of Architecture, Design and Planning 2020-08-06 5 720.92 KRI AR-UG1517 2025-02-28 2025-02-04 2020-08-06 UG Books
Copyright © 2025, The Librarian, Library and Information Centre, BMSCA D&P, Bengaluru. All Rights Reserved
web counter

Powered by Koha